• 首页
  • 本馆介绍
  • 公告通知
  • 最新文献
  • 馆藏检索
  • 电子资源
  • 读者导购
  • 参考咨询
  • 我的图书馆
  • 登录
  • 详细信息显示
  • 放入我的书架
  • 预约/预借图书
  • 作者相关作品
  • 分类相关作品
  • 丛书相关作品
  • 出版社相关作品

书目信息

  • 表格格式
  • 工作单格式
  • 卡片格式
题名:
Protel DXP 2004 SP2原理图与PCB设计
    
 
作者: 刘刚 , 彭荣群 编著
分册:  
出版信息: 北京   电子工业出版社  2007
页数: 11,504页
开本: 26cm
丛书名: 实例讲解系列
单 册:
中图分类: TN410.2
科图分类:
主题词: 印刷电路--计算机辅助设计
电子资源:
ISBN: 978-7-121-04499-1
000 00925oam2 2200301 450
001 012004148255
005 20080229101729.07
009 012004148255
010    @a978-7-121-04499-1@dCNY54.00
035    @a(110017)062007029979
100    @a20070702d2007 em y0chiy0110 ea
101 0  @achi
102    @aCN@b110000
105    @ay z 000yy
106    @ar
200 1  @aProtel DXP 2004 SP2原理图与PCB设计@AProtel DXP 2004 SP2 yuan li tu yuP CB she ji@f刘刚, 彭荣群编著
210    @a北京@c电子工业出版社@d2007
215    @a11,504页@d26cm
225 2  @a实例讲解系列
330    @a本书基于Protel DXP 2004 SP2,结合具体实例,详细阐述了原理图和PCB设计技术。
461  0 @12001 @a实例讲解系列
606 0  @a印刷电路@x计算机辅助设计
610 0  @aProtel DXP
690    @aTN410.2@v4
701  0 @a刘刚@Aliu gang@4编著
701  0 @a彭荣群@Apeng rong qun@4编著
801  0 @aCN@b110017@c20080229
905    @dTN410.2@e118@f4
    
    Protel DXP 2004 SP2原理图与PCB设计/刘刚, 彭荣群编著.-北京:电子工业出版社,2007
    11,504页;26cm.-(实例讲解系列)
    
    
    ISBN 978-7-121-04499-1:CNY54.00
    本书基于Protel DXP 2004 SP2,结合具体实例,详细阐述了原理图和PCB设计技术。
●
相关链接 在E读中查询图书 在五车中查询图书 在当当中查询图书 在豆瓣中查询图书


正题名:Protel DXP 2004 SP2原理图与PCB设计     索取号:TN410.2/118         预约/预借

序号 登录号 条形码 馆藏地/架位号 状态 备注
1 0792982   207929820   第二样本阅览室/ [索取号:TN410.2/118] 在馆    
2 0792983   207929839   第三借阅区/ [索取号:TN410.2/118] 在馆    
3 0792984   207929848   第三借阅区/ [索取号:TN410.2/118] 在馆    
4 0792985   207929857   第三借阅区/ [索取号:TN410.2/118] 在馆    
唐山师范学院图书馆 欢迎您!
大连网信软件有限公司© 版权所有